| 000 | 01631cam a2200421 a 4500 | ||
|---|---|---|---|
| 003 | OSt | ||
| 005 | 20140310184352.0 | ||
| 008 | 980924s2000 nyuab j b 001 0beng | ||
| 010 | _a 98044738 | ||
| 020 | _a043922330X | ||
| 040 |
_aDLC _cDLC _dDLC |
||
| 042 | _alcac | ||
| 043 | _an-us--- | ||
| 050 | 0 | 0 |
_aE 302.6.F8 _b.G46 2000 |
| 100 | 1 |
_aGiblin, James. _924213 |
|
| 245 | 1 | 4 |
_aThe amazing life of Benjamin Franklin / _cJames Cross Giblin ; illustrated by Michael Dooling. |
| 250 | _a1st ed. | ||
| 260 |
_aNew York : _bScholastic inc., _c2000. |
||
| 300 |
_a48 p. : _bcol. ill. ; _c25 cm. |
||
| 500 | _aIncludes bibliographical references (p. 45) and index. | ||
| 521 | _aG6 | ||
| 526 | _c880 | ||
| 600 | 1 | 0 |
_aFranklin, Benjamin, _d1706-1790 _xJuvenile literature. _925214 |
| 600 | 1 | 1 |
_aFranklin, Benjamin, _d1706-1790. _925215 |
| 650 | 0 |
_aStatesmen _zUnited States _xBiography _xJuvenile literature. _925216 |
|
| 650 | 0 |
_aScientists _zUnited States _xBiography _xJuvenile literature. _925217 |
|
| 650 | 0 |
_aPrinters _zUnited States _xBiography _xJuvenile literature. _925218 |
|
| 650 | 0 |
_aInventors _zUnited States _xBiography _xJuvenile literature. _925219 |
|
| 650 | 1 |
_aStatesmen. _925220 |
|
| 650 | 1 |
_aPrinters. _925221 |
|
| 650 | 1 |
_aScientists. _925222 |
|
| 700 | 1 |
_aDooling, Michael, _eill. _925223 |
|
| 906 |
_a7 _bcbc _corignew _d1 _eocip _f19 _gy-gencatlg |
||
| 942 |
_2lcc _cBK-SCHOLAS |
||
| 999 |
_c33955 _d33955 |
||